Je regulování dluhu obcí nutné?
Regulácia miestneho dlhu zo strany štátu je určitým zásahom do samostatného rozhodovania obcí. Existencia záväzných pravidiel pre obce, zvyšuje ich dôveryhodnosť ako dlžníkov, v očiach budúcich veriteľov. Regulácia miestneho dlhu vo svete (použitá správa "Výpožičky miestnych a regionálnych úradov" -...
Gespeichert in:
| 1. Verfasser: | |
|---|---|
| Format: | Buchkapitel |
| Sprache: | Tschechisch |
| Schlagworte: | |
| Tags: |
Keine Tags, Fügen Sie das erste Tag hinzu!
|
MARC
| LEADER | 00000naa a2200000 4500 | ||
|---|---|---|---|
| 001 | r015374 | ||
| 005 | 20230221120950.8 | ||
| 041 | 0 | |a cze | |
| 044 | |a CZ | ||
| 245 | 1 | 0 | |a Je regulování dluhu obcí nutné? |c Věra Kameníčková |
| 520 | |a Regulácia miestneho dlhu zo strany štátu je určitým zásahom do samostatného rozhodovania obcí. Existencia záväzných pravidiel pre obce, zvyšuje ich dôveryhodnosť ako dlžníkov, v očiach budúcich veriteľov. Regulácia miestneho dlhu vo svete (použitá správa "Výpožičky miestnych a regionálnych úradov" - Borrowing by Local and Regional Authorities, pripravená pre Steering Commitee on Local and Regional Authorities, No. 47, Council of Europe Press, 1992.) Pôžičky na kapitálovom trhu. Možnosti obcí vypožičiavať si v zahraničí | ||
| 610 | 2 | 0 | |a dlhy |
| 610 | 2 | 0 | |a obce |
| 610 | 2 | 0 | |a Česko |
| 610 | 2 | 0 | |a 1993 |
| 610 | 2 | 0 | |a zadlženosť |
| 100 | 1 | |a Kameníčková, Věra | |